[Event "Brno Open 2023 - B FIDE open"]
[Site "Bobycentrum hotel, Brno"]
[Date "2023.11.12"]
[Round "2"]
[Board "1"]
[White "Setina, Vaclav"]
[Black "Johnson, Joshua"]
[Result "1/2-1/2"]
[WhiteElo "1908"]
[BlackElo "2337"]
[PlyCount "142"]
[EventDate "2023.11.11"]
[EventRounds "9"]
[EventCountry "CZE"]

1. e4 c5 2. c3 Nf6 3. e5 Nd5 4. d4 cxd4 5. cxd4 d6 6. Nf3 Nc6 7. exd6 e6 8. Nc3 Qxd6
9. Bd3 Be7 10. O-O O-O 11. a3 Nxc3 12. bxc3 b6 13. Bb2 Bb7 14. Rc1 Rfd8 15. Qc2 g6
16. Rfd1 Rac8 17. Be4 Bf6 18. c4 Na5 19. Bxb7 Nxb7 20. Nd2 Qf4 21. g3 Qf5 22. Qxf5
gxf5 23. Nb3 Nc5 24. dxc5 Bxb2 25. Rxd8+ Rxd8 26. Rb1 Bxa3 27. Ra1 Bxc5 28. Rxa7
Bf8 29. Rb7 Rc8 30. Rxb6 Rxc4 31. Rb8 Kg7 32. Nd2 Rc2 33. Nf1 Bc5 34. Ne3 Bxe3 35.
fxe3 Re2 36. Rb3 Kf6 37. h4 Kg6 38. Kf1 Ra2 39. Rb8 Ra4 40. Kf2 Kf6 41. Rb2 Kg6 42.
Kf3 e5 43. Rb6+ f6 44. Rb2 Ra1 45. Re2 Kh5 46. Rb2 e4+ 47. Kg2 Ra3 48. Rf2 Kg6 49.
Re2 Rb3 50. Kh2 Rb1 51. Kg2 Rc1 52. Ra2 Re1 53. Kf2 Rc1 54. Kg2 Rc3 55. Re2 Rb3 56.
Kh2 Kh5 57. Rf2 Rxe3 58. Rxf5+ Kg6 59. g4 h6 60. Rf4 Re1 61. Kg2 e3 62. Kf3 h5 63.
gxh5+ Kxh5 64. Re4 e2 65. Rxe2 Rxe2 66. Kxe2 Kxh4 67. Kf3 Kg5 68. Kg3 Kf5 69. Kf3
Ke6 70. Ke4 f5+ 71. Kf4 Kf6  1/2-1/2

[Event "Brno Open 2023 - B FIDE open"]
[Site "Bobycentrum hotel, Brno"]
[Date "2023.11.12"]
[Round "2"]
[Board "2"]
[White "Zuo, Yifan"]
[Black "Moewisch, Dave"]
[Result "1/2-1/2"]
[WhiteElo "2337"]
[BlackElo "1916"]
[PlyCount "48"]
[EventDate "2023.11.11"]
[EventRounds "9"]
[EventCountry "CZE"]

1. d4 Nf6 2. c4 e6 3. g3 d5 4. Nf3 Bb4+ 5. Bd2 Be7 6. Bg2 O-O 7. Qc2 c5 8. O-O cxd4
9. Nxd4 Nc6 10. Bc3 Qb6 11. Rd1 Bc5 12. e3 Bxd4 13. exd4 dxc4 14. Na3 Nd5 15. Nxc4
Qc7 16. Ne3 Nce7 17. Rac1 Bd7 18. Bd2 Qxc2 19. Rxc2 Nxe3 20. fxe3 Bc6 21. Bb4 Bxg2
22. Bxe7 Be4 23. Rc7 Rfc8 24. Rdc1 Bc6  1/2-1/2

[Event "Brno Open 2023 - B FIDE open"]
[Site "Bobycentrum hotel, Brno"]
[Date "2023.11.12"]
[Round "2"]
[Board "3"]
[White "Wu, Yixing"]
[Black "Fraczek, Weronika"]
[Result "1-0"]
[WhiteElo "2307"]
[BlackElo "1911"]
[PlyCount "157"]
[EventDate "2023.11.11"]
[EventRounds "9"]
[EventCountry "CZE"]

1. Nf3 d5 2. g3 Nf6 3. Bg2 e6 4. c4 c5 5. cxd5 exd5 6. d4 c4 7. O-O Bd6 8. Nc3 Nbd7
9. b3 Bb4 10. Bd2 cxb3 11. Qxb3 Bxc3 12. Bxc3 O-O 13. Rfc1 Re8 14. e3 Qb6 15. Ne1
Qxb3 16. axb3 Nb8 17. Nd3 Nc6 18. b4 Bf5 19. Nf4 Ne7 20. Bf1 Rec8 21. b5 Kf8 22.
Bb4 Rxc1 23. Rxc1 Rc8 24. Ra1 g5 25. Nd3 Ra8 26. Bc5 Nd7 27. Bd6 Ke8 28. Nb4 Be6
29. Nd3 Nc8 30. Bb4 b6 31. Rc1 Ne7 32. f4 g4 33. Bxe7 Kxe7 34. Nb4 Nf6 35. Bd3 Bd7
36. Nc6+ Kd6 37. Ne5 Be8 38. Bf5 h5 39. Bc8 Rb8 40. Ba6 Rd8 41. Kg2 Ne4 42. Nd3 Nd2
43. Nb4 Nb3 44. Rc2 Na5 45. Rc3 Bd7 46. Kf2 Rh8 47. Nd3 f6 48. Kg2 Re8 49. Nf2 Bf5
50. Kf1 Rh8 51. Ke2 h4 52. Kf1 hxg3 53. hxg3 Re8 54. Ke2 Bd7 55. Rc1 Nb3 56. Rd1
Na5 57. Rh1 Nc4 58. Nd1 Kc7 59. Rh5 f5 60. Rh7 Kd8 61. Kd3 Re7 62. Rh8+ Re8 63. Rh6
Be6 64. Bb7 Bf7 65. Rf6 Re7 66. Rxf7 Rxf7 67. Bxd5 Rh7 68. Bxc4 Rh3 69. Be6 Rxg3
70. Bxf5 Rg1 71. Nc3 g3 72. Ne2 Rb1 73. Kc4 Re1 74. Nxg3 Rxe3 75. Ne4 Rf3 76. Ng5
Rf1 77. Kd5 Ke7 78. Ke5 Re1+ 79. Be4  1-0

[Event "Brno Open 2023 - B FIDE open"]
[Site "Bobycentrum hotel, Brno"]
[Date "2023.11.12"]
[Round "2"]
[Board "4"]
[White "Benes, Miroslav"]
[Black "Husek, Martin"]
[Result "0-1"]
[WhiteElo "1866"]
[BlackElo "2245"]
[PlyCount "70"]
[EventDate "2023.11.11"]
[EventRounds "9"]
[EventCountry "CZE"]

1. e4 c5 2. Nf3 Nc6 3. Nc3 e5 4. Bc4 g6 5. d3 h6 6. Be3 d6 7. a3 Bg7 8. Nd5 Nge7
9. O-O Nxd5 10. Bxd5 Ne7 11. Ba2 O-O 12. c3 b6 13. d4 exd4 14. cxd4 Bg4 15. Qd2 Bxf3
16. gxf3 Nc6 17. Bd5 Nxd4 18. Bxd4 cxd4 19. Bxa8 Qh4 20. f4 Qg4+ 21. Kh1 Qf3+ 22.
Kg1 Rxa8 23. Rfe1 Re8 24. Rac1 g5 25. e5 dxe5 26. fxg5 e4 27. Qe2 Qxe2 28. Rxe2 d3
29. Re3 Bd4 30. gxh6 Bxe3 31. fxe3 Re5 32. Kf2 Rf5+ 33. Kg2 Rf3 34. Rg1 Kh7 35. Re1
Rxe3  0-1

[Event "Brno Open 2023 - B FIDE open"]
[Site "Bobycentrum hotel, Brno"]
[Date "2023.11.12"]
[Round "2"]
[Board "5"]
[White "Cupid, Kevin"]
[Black "Vesely, Jaromir"]
[Result "1-0"]
[WhiteElo "2186"]
[BlackElo "1902"]
[PlyCount "53"]
[EventDate "2023.11.11"]
[EventRounds "9"]
[EventCountry "CZE"]

1. d4 e6 2. c4 d5 3. Nf3 f5 4. Nc3 Nf6 5. Bf4 c6 6. e3 Bd6 7. Bxd6 Qxd6 8. Bd3 O-O
9. Qc2 Ne4 10. g4 Kh8 11. gxf5 exf5 12. O-O-O Be6 13. c5 Qc7 14. h4 b6 15. Ng5 Bg8
16. f3 Nxc3 17. bxc3 bxc5 18. Bxf5 g6 19. Bxg6 hxg6 20. h5 Na6 21. hxg6+ Kg7 22.
Rh7+ Bxh7 23. Ne6+ Kf6 24. Nxc7 Bxg6 25. Qh2 Nxc7 26. Qxc7 Rac8 27. e4  1-0

[Event "Brno Open 2023 - B FIDE open"]
[Site "Bobycentrum hotel, Brno"]
[Date "2023.11.12"]
[Round "2"]
[Board "6"]
[White "Myronenko, Natalya"]
[Black "Baklanova, Tatiana"]
[Result "1/2-1/2"]
[WhiteElo "1836"]
[BlackElo "2147"]
[PlyCount "27"]
[EventDate "2023.11.11"]
[EventRounds "9"]
[EventCountry "CZE"]

1. e4 e6 2. d4 d5 3. exd5 exd5 4. Bd3 Bd6 5. Nf3 Nf6 6. O-O O-O 7. Re1 Re8 8. Nbd2
Nbd7 9. c3 c6 10. Rxe8+ Qxe8 11. Nf1 Nf8 12. Ng3 Ng6 13. Bd2 Bd7 14. Qe2  1/2-1/2

[Event "Brno Open 2023 - B FIDE open"]
[Site "Bobycentrum hotel, Brno"]
[Date "2023.11.12"]
[Round "2"]
[Board "7"]
[White "Pokorny, Petr"]
[Black "Pribyl, Rene"]
[Result "1-0"]
[WhiteElo "2131"]
[BlackElo "1864"]
[PlyCount "99"]
[EventDate "2023.11.11"]
[EventRounds "9"]
[EventCountry "CZE"]

1. d4 d5 2. c4 c6 3. Nc3 Nf6 4. cxd5 cxd5 5. Bf4 Nc6 6. e3 a6 7. Bd3 Bg4 8. Nge2
e6 9. O-O Bh5 10. Rc1 Bg6 11. Na4 Bd6 12. Nc5 Bxc5 13. Rxc5 Bxd3 14. Qxd3 Ne4 15.
Rcc1 O-O 16. f3 Nf6 17. Bg5 Qb6 18. Bxf6 gxf6 19. Qd2 Rfc8 20. Rc3 Na5 21. Rfc1 Rxc3
22. Qxc3 Nc6 23. Nf4 Rc8 24. Nh5 f5 25. Qe1 Kf8 26. b3 Ne7 27. Rxc8+ Nxc8 28. Qg3
Nd6 29. Nf6 Qc6 30. Nxh7+ Ke7 31. Qg5+ Kd7 32. h4 Qc3 33. h5 f4 34. Nf6+ Kc6 35.
Qxf4 Nf5 36. Ne8 Kd7 37. h6 Qe1+ 38. Kh2 Qh4+ 39. Qxh4 Nxh4 40. Nf6+ Ke7 41. Ng4
f6 42. Kh3 Ng6 43. Nf2 Kf7 44. Kg4 Ne7 45. Kh5 a5 46. g4 b5 47. f4 Ng6 48. g5 e5
49. dxe5 fxg5 50. e6+  1-0

[Event "Brno Open 2023 - B FIDE open"]
[Site "Bobycentrum hotel, Brno"]
[Date "2023.11.12"]
[Round "2"]
[Board "8"]
[White "Chubar, Vladimir"]
[Black "Steadman, Michael V R"]
[Result "0-1"]
[WhiteElo "1813"]
[BlackElo "2127"]
[PlyCount "50"]
[EventDate "2023.11.11"]
[EventRounds "9"]
[EventCountry "CZE"]

1. d4 f5 2. g3 Nf6 3. Bg2 e6 4. Nd2 d6 5. e4 Nc6 6. c3 e5 7. dxe5 dxe5 8. exf5 Bxf5
9. Qe2 Qd7 10. Ne4 O-O-O 11. Bg5 Be7 12. Bxf6 gxf6 13. Nf3 Bxe4 14. Qxe4 f5 15. Qc2
e4 16. Nd2 Ne5 17. Ke2 Qb5+ 18. c4 Rxd2+ 19. Qxd2 Qxc4+ 20. Kd1 Rd8 21. Qxd8+ Kxd8
22. Bf1 Qd4+ 23. Kc2 Qxf2+ 24. Kc3 Qf3+ 25. Kd4 Nc6+  0-1

[Event "Brno Open 2023 - B FIDE open"]
[Site "Bobycentrum hotel, Brno"]
[Date "2023.11.12"]
[Round "2"]
[Board "10"]
[White "Luckian, Mario"]
[Black "Meszaros, Ludek"]
[Result "0-1"]
[WhiteElo "1796"]
[BlackElo "2083"]
[PlyCount "64"]
[EventDate "2023.11.11"]
[EventRounds "9"]
[EventCountry "CZE"]

1. d4 Nf6 2. Nf3 g6 3. c3 Bg7 4. Bf4 d6 5. h3 b6 6. e3 Bb7 7. Bd3 O-O 8. Qe2 c5 9.
Nbd2 Nc6 10. Ba6 Bxa6 11. Qxa6 cxd4 12. exd4 e5 13. dxe5 dxe5 14. Bg3 e4 15. Ne5
Nxe5 16. Bxe5 Re8 17. Bd4 Nd5 18. O-O Nb4 19. Qa4 Bxd4 20. Qxb4 Bc5 21. Qc4 Qxd2
22. b4 Bf8 23. Rad1 Qf4 24. g3 Qf5 25. g4 Qf3 26. Rd7 Rac8 27. Qd5 Rxc3 28. Rxa7
Rd3 29. Qc4 Re6 30. Qc7 Re7 31. Qxb6 Rxa7 32. Qxa7 Qxh3  0-1

[Event "Brno Open 2023 - B FIDE open"]
[Site "Bobycentrum hotel, Brno"]
[Date "2023.11.12"]
[Round "2"]
[Board "11"]
[White "Slepov, Cyril"]
[Black "Limbrunner, Steven"]
[Result "1-0"]
[WhiteElo "2078"]
[BlackElo "1824"]
[PlyCount "107"]
[EventDate "2023.11.11"]
[EventRounds "9"]
[EventCountry "CZE"]

1. d4 f5 2. Nc3 Nf6 3. Bg5 d5 4. Bxf6 exf6 5. e3 Bb4 6. Bd3 b6 7. Qf3 g6 8. Nge2
Ba6 9. Bxa6 Nxa6 10. h4 c6 11. h5 Kf7 12. O-O-O Nc7 13. Rdg1 Ne6 14. g4 Ng5 15. Qg2
Qd7 16. Rh4 Ne4 17. gxf5 g5 18. Nxe4 dxe4 19. Rxe4 Qxf5 20. d5 a5 21. dxc6 Rhd8 22.
Nd4 Qd5 23. a3 Bc5 24. Qg4 Bxd4 25. Rxd4 Qxc6 26. Rgd1 Rxd4 27. Rxd4 Ra7 28. f4 Qe6
29. Qxe6+ Kxe6 30. fxg5 fxg5 31. Kd2 Rc7 32. c4 Rc5 33. b4 Rf5 34. Ke2 g4 35. Rxg4
Rxh5 36. Kd3 Rh1 37. bxa5 bxa5 38. Rg5 h5 39. Rxa5 h4 40. Ke4 h3 41. Ra6+ Kd7 42.
Rh6 h2 43. c5 Rc1 44. Rxh2 Rxc5 45. Rh7+ Ke6 46. Rh6+ Kd7 47. Ra6 Rh5 48. Kd4 Rh1
49. e4 Kc7 50. Kd5 Rd1+ 51. Ke5 Rh1 52. Ra7+ Kd8 53. Kd5 Rb1 54. a4  1-0

[Event "Brno Open 2023 - B FIDE open"]
[Site "Bobycentrum hotel, Brno"]
[Date "2023.11.13"]
[Round "3"]
[Board "1"]
[White "Sliwerski, Radoslaw"]
[Black "Wu, Yixing"]
[Result "1/2-1/2"]
[WhiteElo "2017"]
[BlackElo "2307"]
[PlyCount "61"]
[EventDate "2023.11.11"]
[EventRounds "9"]
[EventCountry "CZE"]

1. d4 Nf6 2. c4 e6 3. Nc3 Bb4 4. f3 d5 5. a3 Bxc3+ 6. bxc3 c6 7. e3 O-O 8. Bd3 b6
9. Ne2 Ba6 10. cxd5 Bxd3 11. Qxd3 cxd5 12. O-O Nbd7 13. Bd2 Rc8 14. Rfc1 Qc7 15.
a4 e5 16. Ng3 Rfe8 17. Qb5 a5 18. Rab1 h5 19. Rb2 Qc4 20. Nxh5 Nxh5 21. Qxd7 e4 22.
Qb5 exf3 23. gxf3 f5 24. Qxc4 Rxc4 25. Rxb6 Rxa4 26. Rc2 Ra1+ 27. Kf2 Rh1 28. Kg2
Rd1 29. Kf2 Rh1 30. Kg2 Rd1 31. Kf2  1/2-1/2

[Event "Brno Open 2023 - B FIDE open"]
[Site "Bobycentrum hotel, Brno"]
[Date "2023.11.13"]
[Round "3"]
[Board "2"]
[White "Husek, Martin"]
[Black "Kovalenko, Vladimir N."]
[Result "1-0"]
[WhiteElo "2245"]
[BlackElo "1993"]
[PlyCount "63"]
[EventDate "2023.11.11"]
[EventRounds "9"]
[EventCountry "CZE"]

1. e4 c5 2. Nf3 Nc6 3. d4 cxd4 4. Nxd4 g6 5. c4 Bg7 6. Be3 Qb6 7. Nb3 Qd8 8. Nc3
d6 9. Be2 Nf6 10. O-O O-O 11. f4 Bd7 12. Qd2 a6 13. Rad1 Bg4 14. c5 Bxe2 15. Qxe2
Qc7 16. Nd5 Nxd5 17. exd5 Na5 18. cxd6 exd6 19. Rc1 Qd8 20. Nd2 b5 21. b4 Nb7 22.
f5 Qe7 23. Qf3 Rfe8 24. Rce1 Be5 25. Ne4 Bxh2+ 26. Kxh2 Qxe4 27. fxg6 Qxf3 28. gxh7+
Kxh7 29. Rxf3 Re7 30. Rh3+ Kg6 31. Rg3+ Kh7 32. Rh1  1-0

[Event "Brno Open 2023 - B FIDE open"]
[Site "Bobycentrum hotel, Brno"]
[Date "2023.11.13"]
[Round "3"]
[Board "3"]
[White "Bergerhoff, Andreas"]
[Black "Cupid, Kevin"]
[Result "0-1"]
[WhiteElo "1992"]
[BlackElo "2186"]
[PlyCount "80"]
[EventDate "2023.11.11"]
[EventRounds "9"]
[EventCountry "CZE"]

1. d4 Nf6 2. Nc3 d5 3. Bf4 e6 4. e3 Bb4 5. Bd3 c5 6. dxc5 Nbd7 7. Nf3 Qa5 8. O-O
a6 9. Ne2 Bxc5 10. c3 Qb6 11. Qc2 O-O 12. a4 Re8 13. a5 Qd8 14. Ne5 h6 15. h3 Nxe5
16. Bxe5 Bd6 17. Bxd6 Qxd6 18. Ng3 Bd7 19. e4 Bc6 20. Rfe1 Qf4 21. Re3 dxe4 22. Nxe4
Nd5 23. Rf3 Qc7 24. Rg3 f5 25. Nc5 Nf4 26. b4 Rad8 27. Bc4 Bd5 28. Bxd5 Rxd5 29.
Re1 Qc6 30. Rf3 g5 31. c4 Rd4 32. Qc3 Rd1 33. Kh2 Rxe1 34. Qxe1 Nxg2 35. Qc3 Nh4
36. Rg3 f4 37. Rg4 Nf3+ 38. Kg2 Ne5+ 39. f3 Nxg4 40. hxg4 e5  0-1

[Event "Brno Open 2023 - B FIDE open"]
[Site "Bobycentrum hotel, Brno"]
[Date "2023.11.13"]
[Round "3"]
[Board "4"]
[White "Ovcharov, Taras"]
[Black "Pokorny, Petr"]
[Result "0-1"]
[WhiteElo "1986"]
[BlackElo "2131"]
[PlyCount "88"]
[EventDate "2023.11.11"]
[EventRounds "9"]
[EventCountry "CZE"]

1. e4 g6 2. d4 Bg7 3. Nc3 d6 4. Nf3 a6 5. a4 Nf6 6. h3 O-O 7. Be2 Nbd7 8. O-O e5
9. dxe5 dxe5 10. Bg5 c6 11. Qd6 Qb6 12. b4 Re8 13. a5 Qd8 14. Qd3 Qc7 15. Rfd1 Nf8
16. Be3 Ne6 17. Bb6 Qe7 18. Rab1 Nf4 19. Qd2 Nd7 20. Be3 Nxe2+ 21. Qxe2 Nf8 22. Bc5
Qf6 23. Rd6 Ne6 24. Na4 Nf4 25. Qe3 Be6 26. Bb6 Bf8 27. Rdd1 Bh6 28. Qa3 Bc4 29.
Nc5 Be2 30. Nd7 Qe6 31. Nc5 Nxh3+ 32. Kh2 Qg4 33. Nd7 Re6 34. Be3 Bf4+ 35. Bxf4 Qxf4+
36. Kh1 Bxd1 37. Rxd1 Rd8 38. g3 Qxe4 39. Nf6+ Rxf6 40. Rxd8+ Kg7 41. b5 Rxf3 42.
Qf8+ Kf6 43. Qd6+ Kg5 44. Qd2+ Kh5  0-1

[Event "Brno Open 2023 - B FIDE open"]
[Site "Bobycentrum hotel, Brno"]
[Date "2023.11.13"]
[Round "3"]
[Board "5"]
[White "Steadman, Michael V R"]
[Black "Cziko, Eduard-Carol"]
[Result "1/2-1/2"]
[WhiteElo "2127"]
[BlackElo "1960"]
[PlyCount "87"]
[EventDate "2023.11.11"]
[EventRounds "9"]
[EventCountry "CZE"]

1. e4 e6 2. d4 d5 3. Nc3 Bb4 4. a3 Bxc3+ 5. bxc3 dxe4 6. Qg4 Nf6 7. Qxg7 Rg8 8. Qh6
Qe7 9. a4 c5 10. Ba3 Rg6 11. Qe3 cxd4 12. cxd4 Qc7 13. c4 Qa5+ 14. Qd2 Qxd2+ 15.
Kxd2 Bd7 16. Bb2 Bc6 17. h3 Nbd7 18. a5 O-O-O 19. Ke3 Rdg8 20. g3 Nh5 21. Ne2 Ng7
22. g4 h5 23. Nf4 Rg5 24. Be2 hxg4 25. hxg4 Nf6 26. d5 e5 27. Nh3 Nxg4+ 28. Bxg4+
Rxg4 29. dxc6 Nf5+ 30. Ke2 Nd4+ 31. Bxd4 exd4 32. cxb7+ Kxb7 33. a6+ Kc6 34. Rab1
Rh8 35. Rhg1 Rxg1 36. Nxg1 Rh1 37. Kf1 d3 38. Rb5 Rh6 39. Re5 Re6 40. Rf5 Rd6 41.
Ke1 Rd4 42. Rf6+ Kc5 43. Rxf7 Kb6 44. Rf6+  1/2-1/2

[Event "Brno Open 2023 - B FIDE open"]
[Site "Bobycentrum hotel, Brno"]
[Date "2023.11.13"]
[Round "3"]
[Board "6"]
[White "Meszaros, Ludek"]
[Black "Svobodova, Michaela"]
[Result "0-1"]
[WhiteElo "2083"]
[BlackElo "1957"]
[PlyCount "124"]
[EventDate "2023.11.11"]
[EventRounds "9"]
[EventCountry "CZE"]

1. e4 e5 2. Nf3 Nf6 3. d4 Nxe4 4. dxe5 d5 5. Nbd2 Nc5 6. Nb3 Ne6 7. c4 dxc4 8. Qxd8+
Nxd8 9. Bxc4 Be6 10. Bb5+ c6 11. Be2 Bxb3 12. axb3 Bb4+ 13. Bd2 Bxd2+ 14. Nxd2 Nd7
15. f4 Ne6 16. O-O a6 17. Bg4 O-O 18. Nc4 Ndc5 19. f5 Nc7 20. Na5 Nd5 21. Rf3 Rfe8
22. Re1 Re7 23. Rc1 Nd7 24. f6 gxf6 25. Bxd7 Rxd7 26. exf6 Re8 27. Nc4 Re6 28. Rcf1
b5 29. Na5 Ne3 30. Re1 Rd1 31. Rxd1 Nxd1 32. g4 Ne3 33. g5 Nd5 34. Kf2 h6 35. h4
hxg5 36. hxg5 Kh7 37. Rd3 Kg6 38. Nxc6 Rxc6 39. Rxd5 Rc2+ 40. Kg1 Rxb2 41. Rd6 a5
42. Ra6 Rxb3 43. Rxa5 Kxg5 44. Ra6 Rb2 45. Rb6 b4 46. Kf1 b3 47. Ke1 Kf5 48. Kd1
Ke5 49. Kc1 Rc2+ 50. Kb1 Rc3 51. Kb2 Rf3 52. Ra6 Rxf6 53. Ra5+ Kf4 54. Kxb3 Rc6 55.
Ra1 f5 56. Rf1+ Kg5 57. Rg1+ Kf6 58. Rf1 Rc8 59. Kb4 Ke5 60. Re1+ Kd4 61. Rd1+ Ke3
62. Re1+ Kf2  0-1

[Event "Brno Open 2023 - B FIDE open"]
[Site "Bobycentrum hotel, Brno"]
[Date "2023.11.13"]
[Round "3"]
[Board "7"]
[White "Gil, Arthur"]
[Black "Slepov, Cyril"]
[Result "0-1"]
[WhiteElo "1929"]
[BlackElo "2078"]
[PlyCount "107"]
[EventDate "2023.11.11"]
[EventRounds "9"]
[EventCountry "CZE"]

1. e4 e5 2. d4 exd4 3. Nf3 Nc6 4. Nxd4 Nf6 5. Nxc6 bxc6 6. e5 Qe7 7. Qe2 Nd5 8. c4
Ba6 9. f4 f6 10. exf6 Nxf6 11. Nc3 d5 12. Bd2 d4 13. Na4 c5 14. O-O-O Bb7 15. Qd3
Qd7 16. Re1+ Kf7 17. b3 Bd6 18. Re5 Bxe5 19. Nxc5 Qc6 20. Nxb7 Bd6 21. Nxd6+ Qxd6
22. g4 Rae8 23. Bg2 Nxg4 24. Bd5+ Kf8 25. Rg1 Nf6 26. Qxd4 c5 27. Qd3 Re7 28. h4
h5 29. Rg5 Rh6 30. Re5 Nxd5 31. Rxd5 Qe6 32. f5 Qc6 33. Rd8+ Kf7 34. Bxh6 Qxh6+ 35.
Kc2 Qc6 36. Rd5 Qf6 37. Qf3 Qxh4 38. Rd2 Qe4+ 39. Qxe4 Rxe4 40. Rh2 h4 41. Kd3 Rg4
42. a3 a5 43. Re2 Rg3+ 44. Ke4 Kf6 45. b4 cxb4 46. axb4 axb4 47. c5 Rc3 48. Kd5 Kxf5
49. Rf2+ Kg5 50. Rg2+ Kh6 51. Rg4 g5 52. Rxb4 h3 53. c6 h2 54. Rb8  0-1

[Event "Brno Open 2023 - B FIDE open"]
[Site "Bobycentrum hotel, Brno"]
[Date "2023.11.13"]
[Round "3"]
[Board "8"]
[White "Brzezina, Piotr"]
[Black "Nergard, Ole-Kristian"]
[Result "1-0"]
[WhiteElo "2036"]
[BlackElo "1732"]
[PlyCount "59"]
[EventDate "2023.11.11"]
[EventRounds "9"]
[EventCountry "CZE"]

1. e4 c5 2. Nf3 d6 3. d4 cxd4 4. Nxd4 Nf6 5. Nc3 a6 6. f3 e5 7. Nb3 Be6 8. Be3 Be7
9. Qd2 h5 10. O-O-O Nbd7 11. Nd5 Nxd5 12. exd5 Bf5 13. Kb1 Rc8 14. Bd3 Bxd3 15. Qxd3
Bg5 16. Bf2 O-O 17. h4 Bh6 18. g4 hxg4 19. fxg4 Bf4 20. g5 f5 21. Qf3 Qc7 22. c3
a5 23. h5 Bxg5 24. h6 Bxh6 25. Rdg1 Rf6 26. Bh4 Rff8 27. Qh5 a4 28. Nd2 e4 29. Bg5
Kh8 30. Bxh6  1-0

[Event "Brno Open 2023 - B FIDE open"]
[Site "Bobycentrum hotel, Brno"]
[Date "2023.11.13"]
[Round "3"]
[Board "9"]
[White "Johnson, Joshua"]
[Black "Myronenko, Natalya"]
[Result "1-0"]
[WhiteElo "2337"]
[BlackElo "1836"]
[PlyCount "81"]
[EventDate "2023.11.11"]
[EventRounds "9"]
[EventCountry "CZE"]

1. e4 d6 2. d4 Nf6 3. Nc3 Nbd7 4. Nf3 e5 5. Bc4 Be7 6. O-O O-O 7. a4 c6 8. Re1 Qc7
9. h3 b6 10. Ba2 Bb7 11. Nh4 Rfe8 12. Nf5 Bf8 13. Qf3 exd4 14. Nxd4 d5 15. Bf4 Bd6
16. Bxd6 Qxd6 17. Nf5 Qc7 18. exd5 cxd5 19. Ne7+ Kf8 20. Ncxd5 Nxd5 21. Nxd5 Qxc2
22. Rec1 Qxb2 23. Rcb1 Qe5 24. Nxb6 Bxf3 25. Nxd7+ Kg8 26. Nxe5 Rxe5 27. gxf3 Re7
28. a5 g6 29. a6 Rd8 30. Rb7 Red7 31. Rab1 Kf8 32. Rxd7 Rxd7 33. Rb7 Re7 34. Kg2
h6 35. Kg3 Ke8 36. Kf4 f6 37. Bb1 g5+ 38. Kf5 Kd8 39. Kxf6 Rxb7 40. axb7 Kc7 41.
Kg6  1-0

[Event "Brno Open 2023 - B FIDE open"]
[Site "Bobycentrum hotel, Brno"]
[Date "2023.11.13"]
[Round "3"]
[Board "11"]
[White "Baklanova, Tatiana"]
[Black "Setina, Vaclav"]
[Result "1/2-1/2"]
[WhiteElo "2147"]
[BlackElo "1908"]
[PlyCount "51"]
[EventDate "2023.11.11"]
[EventRounds "9"]
[EventCountry "CZE"]

1. Nf3 Nf6 2. g3 g6 3. Bg2 Bg7 4. O-O O-O 5. c4 c5 6. Nc3 d5 7. cxd5 Nxd5 8. Nxd5
Qxd5 9. d3 Nc6 10. Ng5 Qd7 11. Rb1 b6 12. Qa4 Bb7 13. Re1 Rfd8 14. Qh4 h5 15. h3
Nd4 16. Bxb7 Qxb7 17. g4 f6 18. Ne4 hxg4 19. hxg4 Kf7 20. Qh1 Qd7 21. Qg2 Rh8 22.
e3 Ne6 23. Rd1 f5 24. Qf3 Rag8 25. d4 Qc7 26. d5  1/2-1/2

[Event "Brno Open 2023 - B FIDE open"]
[Site "Bobycentrum hotel, Brno"]
[Date "2023.11.14"]
[Round "4"]
[Board "1"]
[White "Slepov, Cyril"]
[Black "Husek, Martin"]
[Result "1-0"]
[WhiteElo "2078"]
[BlackElo "2245"]
[PlyCount "31"]
[EventDate "2023.11.11"]
[EventRounds "9"]
[EventCountry "CZE"]

1. d4 f5 2. Nc3 Nf6 3. Bg5 g6 4. h4 Bg7 5. h5 Nxh5 6. Rxh5 gxh5 7. Nd5 Nc6 8. e3
O-O 9. Qxh5 d6 10. Bb5 Kh8 11. Ne2 Be6 12. O-O-O Bxd5 13. Rh1 Bg8 14. Nf4 Bxd4 15.
exd4 Qe8 16. Qh6  1-0

[Event "Brno Open 2023 - B FIDE open"]
[Site "Bobycentrum hotel, Brno"]
[Date "2023.11.14"]
[Round "4"]
[Board "2"]
[White "Cupid, Kevin"]
[Black "Brzezina, Piotr"]
[Result "1/2-1/2"]
[WhiteElo "2186"]
[BlackElo "2036"]
[PlyCount "178"]
[EventDate "2023.11.11"]
[EventRounds "9"]
[EventCountry "CZE"]

1. d4 Nf6 2. c4 e6 3. Nc3 Bb4 4. Qc2 d5 5. Nf3 c5 6. dxc5 O-O 7. e3 Nbd7 8. cxd5
exd5 9. a3 Bxc3+ 10. Qxc3 Ne4 11. Qc2 Ndxc5 12. b4 Nd7 13. Bd3 a5 14. Bb2 axb4 15.
axb4 Rxa1+ 16. Bxa1 Qe7 17. O-O Qxb4 18. Rb1 Qe7 19. Bd4 Ndf6 20. Ne5 Be6 21. Qb2
Rc8 22. f3 Nd6 23. Qb4 Qc7 24. Bb6 Qb8 25. Bd4 b5 26. Qa5 Qa8 27. Qxa8 Rxa8 28. Bxb5
Nxb5 29. Rxb5 Ne8 30. Rb6 h6 31. h3 Nc7 32. Rb7 Ne8 33. Bc5 Rc8 34. Rb5 Bf5 35. g4
Be6 36. Kf2 Nc7 37. Rb6 Na8 38. Rb5 Nc7 39. Rb2 Ne8 40. Nd3 Nf6 41. Bd4 Nd7 42. Nf4
Nf8 43. Rb5 Rd8 44. Rb6 Kh7 45. h4 Kg8 46. Kg3 Kh7 47. Bc5 Nd7 48. Nxe6 fxe6 49.
Rd6 Rc8 50. Bb4 Rc4 51. Rxd7 Rxb4 52. Rd6 Rb7 53. Rxe6 Rd7 54. g5 hxg5 55. hxg5 d4
56. exd4 Rxd4 57. f4 g6 58. Kf3 Kg7 59. Ke3 Ra4 60. Rc6 Kf7 61. Rd6 Rb4 62. Rd7+
Kf8 63. Rd4 Rb1 64. Kd3 Re1 65. Kc4 Ke7 66. Kd5 Kf7 67. Kd6 Re2 68. Kc5 Rc2+ 69.
Rc4 Rd2 70. Rd4 Rc2+ 71. Kd5 Re2 72. Re4 Rxe4 73. Kxe4 Ke6 74. Ke3 Ke7 75. Ke2 Ke6
76. Kd2 Kd6 77. Kc2 Ke6 78. Kd3 Kd7 79. Kc2 Ke6 80. Kd2 Kd6 81. Ke2 Ke6 82. Kf3 Kd6
83. Ke4 Ke6 84. f5+ gxf5+ 85. Kf4 Kf7 86. Kxf5 Kg7 87. g6 Kg8 88. Kf6 Kf8 89. g7+
Kg8  1/2-1/2

[Event "Brno Open 2023 - B FIDE open"]
[Site "Bobycentrum hotel, Brno"]
[Date "2023.11.14"]
[Round "4"]
[Board "4"]
[White "Fraczek, Dariusz"]
[Black "Johnson, Joshua"]
[Result "0-1"]
[WhiteElo "2013"]
[BlackElo "2337"]
[PlyCount "50"]
[EventDate "2023.11.11"]
[EventRounds "9"]
[EventCountry "CZE"]

1. e4 c5 2. Nf3 d6 3. d4 cxd4 4. Nxd4 Nf6 5. Nc3 Nc6 6. Bg5 e6 7. Qd2 a6 8. Nxc6
bxc6 9. O-O-O Be7 10. f4 d5 11. Qe1 Nd7 12. Bxe7 Qxe7 13. Rd3 Nc5 14. Rg3 d4 15.
Nb1 e5 16. fxe5 Qxe5 17. Nd2 O-O 18. Bd3 Be6 19. Nf3 Nxd3+ 20. cxd3 Qc5+ 21. Kb1
Rab8 22. Qd2 Qa3 23. Qc2 Rb4 24. Nxd4 Rxd4 25. Qxc6 Rfd8  0-1

[Event "Brno Open 2023 - B FIDE open"]
[Site "Bobycentrum hotel, Brno"]
[Date "2023.11.14"]
[Round "4"]
[Board "6"]
[White "Wu, Yixing"]
[Black "Steadman, Michael V R"]
[Result "1-0"]
[WhiteElo "2307"]
[BlackElo "2127"]
[PlyCount "127"]
[EventDate "2023.11.11"]
[EventRounds "9"]
[EventCountry "CZE"]

1. d4 e6 2. c4 Nf6 3. Nf3 c5 4. d5 exd5 5. cxd5 d6 6. Nc3 g6 7. e4 Bg7 8. h3 O-O
9. Bd3 a6 10. a4 Nbd7 11. O-O Qc7 12. Qb3 Rb8 13. Bf4 Nh5 14. Bh2 Ne5 15. Nxe5 dxe5
16. Rfd1 Nf4 17. Bf1 Qd6 18. a5 b5 19. axb6 Rxb6 20. Qc2 Bd7 21. Na4 Bxa4 22. Rxa4
Rfb8 23. Ra2 Bf8 24. Bc4 Qf6 25. b3 Qg5 26. Bg3 Nh5 27. Kh2 Bd6 28. Qd2 Qxd2 29.
Rdxd2 Nxg3 30. Kxg3 Ra8 31. Ra5 Kg7 32. Kf3 h5 33. Ke3 Bc7 34. Rda2 Rf6 35. Rxa6
Rfxa6 36. Bxa6 Kf6 37. Kd3 Ke7 38. Kc4 Bd6 39. Ra4 f5 40. Bb5 Rb8 41. Ra7+ Kf6 42.
Rd7 Bf8 43. f3 fxe4 44. fxe4 h4 45. Rh7 g5 46. Rd7 Rb6 47. Rd8 Be7 48. Rc8 Bd6 49.
Rh8 Kf7 50. Rh6 Kg7 51. Re6 Kf7 52. Be8+ Kf8 53. Bc6 Rb4+ 54. Kc3 Bc7 55. d6 Ba5
56. Kc2 Rd4 57. Bd5 Rd2+ 58. Kc1 Rxg2 59. Rxe5 Rg3 60. Be6 Rd3 61. d7 Rc3+ 62. Kb2
Ke7 63. Bg4+ Kf6 64. Re6+  1-0